It looks like you're offline.
Open Library logo
additional options menu

MARC Record from Scriblio

Record ID marc_records_scriblio_net/part24.dat:86509545:667
Source Scriblio
Download Link /show-records/marc_records_scriblio_net/part24.dat:86509545:667?format=raw

LEADER: 00667cam 2200229 a 4500
001 94074626
003 DLC
005 19960326113555.9
008 941229s1995 mnua 001 0 eng
010 $a 94074626
020 $a1570250634
040 $aDLC$cDLC$dDLC
043 $anl-----$an-cn-on
050 00 $aSH464.L34$bP47 1995
082 00 $a799.1/2$220
100 1 $aPerich, Shawn.
245 10 $aFly-fishing the north country /$cShawn Perich ; illustrated by David Minix.
260 $aDuluth, Minn. :$bPfeifer-Hamilton,$cc1995.
300 $a147 p. ;$bill. ;$c23 cm.
500 $aIncludes index.
650 0 $aFly fishing$zLake States.
650 0 $aFly fishing$zOntario.